Applied Concepts in Vision Therapy /

Guardat en:
Dades bibliogràfiques
Autor principal: Press, Leonard J. (ed.)
Format: Llibre
Idioma:anglès
Publicat: Saint Louis, EUA : Mosby, 1997, c1997
Matèries:
Etiquetes: Afegir etiqueta
Sense etiquetes, Sigues el primer a etiquetar aquest registre!

MARC

LEADER 00000nam^a2200000^a^4500
001 000182822
005 20250521000000.0
009 20260310102020.773
020 |a 0-8151-6729-6 
037 |a Acervo ITESO - Biblioteca 
041 |a ING 
082 |a 617. 03  |b PRE 
100 |a Press, Leonard J.  |e (ed.) 
245 1 0 |a Applied Concepts in Vision Therapy /  |c Ed. de L.J. Press. 
264 4 |a Saint Louis, EUA :  |b Mosby,  |c 1997, c1997 
300 |a XV, 381 p. 
336 |a texto  |b txt  |2 rdacontenido 
337 |a sin mediación  |b n  |2 rdamedio 
338 |a volumen  |b nc  |2 rdasoporte 
649 |a XX 
650 |a Ojo -  |x Cuidado e Higiene 
650 |a Ojo -  |x Enfermedades y Defectos 
650 |a Enfermedades -  |x Tratamiento 
650 |a Vista 
650 |a Optometría 
650 |a Oftalmología 
910 |a Fondo General 
920 |a Impresos - Libros 
930 |a Colección General 
905 |a 101 
901 |a 0500122567  |b IT1  |c ACC  |u 20250521 
902 |a https://opac.biblio.iteso.mx/vufind/Record/000182822